Statystyki dla Najbardziej utytułowane niemieckie kluby piłkarskie

Kliknij tutaj aby rozwiązać quiz!

Ogólne statystyki

  • Ten quiz został rozwiązany 1 260 razy
  • Średni wynik to 6 z 12

Statystyki odpowiedzi

Liczba mistrzostwPodpowiedźNazwa drużyny% Poprawnych
27BundesligaBayern Monachium
100%
5BundesligaBorussia Dortmund
98%
1BundesligaVfL Wolfsburg
58%
22. Bundesliga1. FC Köln
53%
4BundesligaWerder Brema
51%
32. BundesligaHamburger SV
46%
3BundesligaVfB Stuttgart
39%
5BundesligaBorussia Mönchengladbach
36%
13. LigaEintracht Brunszwik
34%
23. Liga1. FC Kaiserslautern
25%
13. LigaTSV 1860 Monachium
19%
1Bundesliga1. FC Nürnberg
16%

Rozkład punktacji

Percentyl według liczby udzielonych odpowiedzi

Procent ludzi z każdym wynikiem

Twoja historia wyników

Nie rozwiązałeś tego quizu